000 00308nam a2200121Ia 4500
008 240731s9999 xx 000 0 und d
022 _a2997-4100
245 0 _aJournal of Psychology and AI
260 _bTaylor & Francis
856 _uhttps://www.tandfonline.com/loi/tpai20
942 _2ddc
942 _cTFEJ
999 _c78095
_d78095
945 _a1
_bMadushi Gamage
_c1
_dMadushi Gamage